000 00596nam a2200217Ia 4500
003 OSt
005 20221002054824.0
006 a|||||r|||| 00| 0
007 ta
008 220930b |||||||| |||| 00| 0 eng d
024 _a70681
037 _cReference Collections
040 _aCRL
_cCRL
_beng
041 _2eng
_aeng
082 _aNR44, M2(RR)
100 _aKuppuswamy G. Au.
_9576289
245 0 _aGlimpses of indian music
260 _aDelhi
_bSundeep Prakashan
_c1982
942 _hNR44, M2(RR)
_cref
_2CC
999 _c925939
_d925939